Relación entre género y envejecimiento : enfoque sociológico /
Estudio sociológico de carácter feminista acerca de los vínculos entre la identidad de las mujeres y el envejecimiento. En sociedades envejecidas y con una población de la tercera edad formada en su mayor parte por mujeres, como ocurre al final del siglo XX, las autoras ahondan en la influencia de l...
Guardado en:
| Autor principal: | |
|---|---|
| Otros autores: | |
| Formato: | Libro |
| Idioma: | Español |
| Publicado: |
Madrid, España :
Narcea,
1996, c1996
|
| Colección: | (Mujeres)
|
| Temas: | |
| Etiquetas: |
Sin etiquetas, Sé el primero en etiquetar este registro!
|
MARC
| LEADER | 00000nam^a2200000^a^4500 | ||
|---|---|---|---|
| 001 | 000115572 | ||
| 005 | 20250521000000.0 | ||
| 009 | 20260310094100.481 | ||
| 020 | |a 84-277-1179-4 | ||
| 037 | |a Acervo ITESO - Biblioteca | ||
| 041 | |a ESP | ||
| 082 | |a 305. 421 |b ARB | ||
| 100 | |a Arber, Sara |e (autor) | ||
| 245 | 1 | 0 | |a Relación entre género y envejecimiento : |b enfoque sociológico / |c S. Arber, J. Ginn ; pról. de Anna Freixas Farré ; tr. por Pablo Manzano Bernárdez. |
| 264 | 4 | |a Madrid, España : |b Narcea, |c 1996, c1996 | |
| 300 | |a 271 p. | ||
| 336 | |a texto |b txt |2 rdacontenido | ||
| 337 | |a sin mediación |b n |2 rdamedio | ||
| 338 | |a volumen |b nc |2 rdasoporte | ||
| 440 | 1 | |a (Mujeres) | |
| 500 | |a Traducción de: Connecting Gender and Ageing: A Sociological Approach | ||
| 520 | |a Estudio sociológico de carácter feminista acerca de los vínculos entre la identidad de las mujeres y el envejecimiento. En sociedades envejecidas y con una población de la tercera edad formada en su mayor parte por mujeres, como ocurre al final del siglo XX, las autoras ahondan en la influencia de la vejez en el trabajo, relaciones maritales, condiciones de jubilación e identidades de las mujeres. | ||
| 649 | |a XX | ||
| 650 | |a Ancianos - |x Condiciones Sociales y Culturales | ||
| 650 | |a Mujeres - |x Condiciones Sociales y Culturales | ||
| 650 | |a Mujeres - |x Condiciones Laborales | ||
| 650 | |a Población | ||
| 650 | |a Demografía | ||
| 650 | |a Relaciones Intergénero | ||
| 650 | |a Comunicación Personal | ||
| 650 | |a Roles de Género | ||
| 650 | |a Género | ||
| 650 | |a Identidad de Género | ||
| 650 | |a Feminismo | ||
| 650 | |a Sociología | ||
| 700 | |a Gynn, Jay |e (autor) | ||
| 910 | |a Fondo General | ||
| 920 | |a Impresos - Libros | ||
| 930 | |a Colección General | ||
| 905 | |a 101 | ||
| 901 | |a 0500050454 |b IT1 |c ACC |u 20250521 | ||
| 902 | |a https://opac.biblio.iteso.mx/vufind/Record/000115572 | ||